000 00931nmm a2200289 a 4500
001 ocm000570975
003 TR-IsHL
005 20201028115245.0
008 130625s2004 tu tur
007 cr cn
020 _a9789753853286
035 _a570975
_b(N$T)
050 0 4 _aPQ4683.A3
_bÇ63 2004
090 0 4 _aPQ4683.A3
_bÇ63 2004
100 1 _aDe Amicis, Edmondo
245 1 0 _aÇocuk kalbi
_h[electronic resource] /
_cEdmondo De Amicis ; çev. Soner Yılmaz
250 _a1. bs.
260 _aİstanbul :
_bOda Yayınları,
_c2004
300 _a176 p.
650 4 _aDil ve Edebiyat
650 4 _aLanguage and Literature
650 0 _aÇocuk edebiyatı, İtalyan
650 0 _aChildren's literature, Italian
650 7 _aLITERARY COLLECTIONS / European / Italian
_2bisacsh
700 1 _aYılmaz, Soner
856 4 0 _uhttp://search.ebscohost.com/login.aspx?direct=true&scope=site&db=e011xww&AN=570975
999 _c158
_d158